000 01480cam a22003131i 4500
003 SA-RiAUC
005 20241008150646.0
008 241007s1999 su o g b 00000dara c
040 _aSA-RiAUC
_bara
_cSA-RiAUC
_erda
082 0 4 _a234.6
090 _a234.6
_b ا ب و غ
100 1 _aأبو غدة، عبد الفتاح بن محمد بن بشير،
_d1917-1997
_eمؤلف.
245 1 0 _aإمداد الفتاح بأسانيد ومرويات الشيخ عبد الفتاح /
_cعبد الفتاح بن محمد بن بشير أبو غدة ؛ تخريج تلميذه محمد بن عبد الله آل رشيد.
250 _aالطبعة الأولى.
264 1 _aالرياض :
_bمكتبة الإمام الشافعي،
_c1999
300 _a688 صفحة :
_bصور ؛
_c24 سم
336 _aنص
_btxt
_2rdacontent
_3كتاب
337 _aبدون وسيط
_bn
_2rdamedia
338 _aمجلد
_bnc
_2rdacarrier
500 _aيشتمل على ملحق بالصور.
504 _aببليوجرافية : صفحة 663-683.
600 1 7 _aأبو غدة، عبد الفتاح بن محمد بن بشير،
_d1917-1997
_2aucnm
650 7 _aالحديث
_xإسناد
_2aucsh
650 7 _aالحديث
_xرواية
_2aucsh
650 7 _aالأسماء والكنى والألقاب والأنساب في الحديث
_2aucsh
700 1 _aآل رشيد، محمد بن عبد الله
_eمعد.
942 _2ddc
_cBOOK
_n0
949 _aSA-JeALM
_d241007
_umohamedma123
_n1
999 _c1034
_d1034